00538nam a2200145 i 450000100060000000300090000600700030001500800410001810000340005924501740009325000130026726000310028070000210031185200600033231098ES-MaACLt|030128s1862 fr ||||1| fre d1 aBazin, Antoine-Pierre Ernest.10aLeçons théoriques et cliniques sur les affections cutanées parasitaires / cprofesses par Antoine-Pierre Ernest Bazin ; redigée et publiées par Alfred Pouquet. a2eme ed. aParís : b[s.n., c1862]1 aPouquet, Alfred. aES-MaACLjG-14082(4) q. - Encuadernado con otras obras